000 00731nam a2200193Ii 4500
003 JO-AjNU
008 230605s9999||||xx |||||||||||||| ||und||
040 _aJO-AjNU
_bara
_erda
_cJO-AjNU
041 _aara
050 1 4 _aDS117.L6
100 3 _aلوبون، غوستاف؛ ترجمة عادل زعيتر؛ دراسة وتعليق وتقديم محمود النجيري,
_eauthor
_951193
245 0 0 _aاليهود في تاريخ الحضارات الأولى
264 3 1 _aد.م: مكتبة الناقد، د.ت
300 _a92ص
336 _atext
_btxt
_2rdacontent
337 _aunmediated
_bn
_2rdamedia
338 _avolume
_bnc
_2rdacarrier
650 4 _aاليهود - الحضارات القديمة - تاريخ
_951194
999 _aA22597
_c26165
_d26165